Impresiones de los libros oficiales de los benedictinos españoles (siglos XV-XIX) (Record no. 449527)
[ view plain ]
| 000 -CABECERA | |
|---|---|
| Campo de control de longitud fija | 00478nab a22001457a 4500 |
| 003 - IDENTIFICADOR DEL NÚMERO DE CONTROL | |
| Campo de control | ES-SlBC |
| 005 - FECHA Y HORA DE LA ÚLTIMA TRANSACCIÓN | |
| Campo de control | 20210327223958.0 |
| 008 - CÓDIGOS DE INFORMACIÓN DE LONGITUD FIJA | |
| Campo de control de longitud fija | 131122b sp ||||| |||| 00| 0 spa d |
| 040 ## - FUENTE DE LA CATALOGACIÓN | |
| Centro catalogador del origen | ES-SlBC |
| Lengua de catalogación | spa |
| 041 ## - CÓDIGO DE LENGUA | |
| Código de lengua del texto/banda sonora o título independiente | spa |
| 100 1# - PUNTO DE ACCESO PRINCIPAL-NOMBRE DE PERSONA | |
| Nombre de persona | Zaragoza I Pascual, Ernesto |
| 9 (RLIN) | 46818 |
| 245 10 - MENCIÓN DE TÍTULO | |
| Título | Impresiones de los libros oficiales de los benedictinos españoles (siglos XV-XIX) |
| Mención de responsabilidad, etc. | Ernesto Zaragoza i Pascual |
| 773 0# - ENLACE AL DOCUMENTO FUENTE | |
| Parte(s) relacionada(s) | nº 32, 2009, p. 365-372 |
| Título | Memoria Ecclesiae |
| Número de control del registro relacionado | Rev275 |
| 942 ## - ENTRADA DE ELEMENTOS AGREGADOS (KOHA) | |
| Fuente de clasificaión o esquema | |
| Koha [por defecto] tipo de item | Artículos de revista |
| Suprimido | Perdido | Fuente de clasificación o esquema | Estropeado | No para préstamo | Localización permanente | Localización actual | Localización en estantería | Fecha adquisición | Préstamos totales | Fecha última consulta | Fecha del precio de reemplazo | Tipo de item de Koha |
|---|---|---|---|---|---|---|---|---|---|---|---|---|
| San Esteban | San Esteban | Depósito de revistas | 22/11/2013 | 22/11/2013 | 22/11/2013 | Artículos de revista |
